| 000 | 01168cam a22003497a 4500 | ||
|---|---|---|---|
| 003 | CHAP | ||
| 005 | 20220817043435.0 | ||
| 008 | 980428d1997 mx r 00010 spa d | ||
| 010 | _a75439 | ||
| 011 | _a76411 | ||
| 020 | _a9688206393 | ||
| 035 | _a85995 | ||
| 040 | _cCHAP | ||
| 082 | 0 | 4 |
_a338.9 _bM47i 1996 |
| 110 | 0 |
_aMéxico. Poder Ejecutivo Federal _977085 |
|
| 245 | 1 | 0 |
_aPlan nacional de desarrollo : _binforme de ejecución, 1996 _c/por Poder Ejecutivo Federal |
| 260 |
_aMéxico, D.F. : _bSHCP, _c1997. |
||
| 300 |
_a285 p. : _bgráfs. |
||
| 590 |
_aBATCH-UPD _b10 _c20130110 _lUCH01 _h1237 |
||
| 590 |
_aBATCH-UPD _b10 _c20130410 _lUCH01 _h0804 |
||
| 590 |
_aBATCH-UPD _b10 _c20130914 _lUCH01 _h1825 |
||
| 590 |
_aBATCH-UPD _b10 _c20161124 _lUCH01 _h1711 |
||
| 590 |
_aCONVERSION _b10 _c20130109 _lUCH01 _h1341 |
||
| 650 | 1 | 4 |
_aPolítica económica _zMéxico. _990535 |
| 650 | 1 | 4 |
_aPolítica social _zMéxico. |
| 651 | 4 |
_aMéxico _xPolítica y gobierno. _976783 |
|
| 700 | 0 |
_aZedillo Ponce de León, Ernesto. _9123853 |
|
| 901 | _aBK | ||
| 905 | _aMayto Villalobos S. | ||
| 942 | _cLIBRO | ||
| 949 |
_a338.9 M47i 1996 _bBC _cC _d33724000688354 _eC _h93196 _i85995 _sb |
||
| 999 |
_c75439 _d75439 |
||